[Event "4NCL Online Division 1"]
[Site "online"]
[Date "2020.04.21"]
[Round "3.34"]
[White "York-Weaving, Richard"]
[Black "Duncanson, Henry G"]
[Result "1-0"]
[WhiteElo "2343"]
[BlackElo "2118"]
[PlyCount "95"]
[EventDate "2020.04.21"]
[WhiteTeam "Wood Green"]
[BlackTeam "Broadland Kestrels"]

1. e4 e5 2. Nf3 Nc6 3. Bb5 Nf6 4. Qe2 Bc5 5. c3 Qe7 6. d3 h6 7. O-O O-O 8. Be3
a5 9. a4 Re8 10. Nbd2 Ba7 11. Rfe1 d6 12. Nf1 Nh5 13. g3 Nf6 14. Bxa7 Rxa7 15.
Ne3 Be6 16. Nh4 g6 17. Qf3 Nh7 18. Nd5 Qd8 19. Qe3 Kg7 20. Bxc6 bxc6 21. Qxa7
cxd5 22. Qxa5 dxe4 23. dxe4 Ng5 24. Qb5 Bd7 25. Qe2 Qf6 26. f3 d5 27. exd5 e4
28. f4 Nh3+ 29. Kh1 Qb6 30. Rf1 e3 31. Kg2 Nf2 32. f5 g5 33. Nf3 g4 34. Nd4 Qc5
35. Rxf2 Qxd5+ 36. Rf3 c5 37. f6+ Kg8 38. Kg1 cxd4 39. Rf4 d3 40. Qg2 Qxg2+ 41.
Kxg2 e2 42. Rd4 Bc6+ 43. Kf2 Bf3 44. Rxd3 Re6 45. Rd4 Rxf6 46. a5 Re6 47. b4
Rc6 48. c4 1-0

[Event "4NCL Online Division 1"]
[Site "online"]
[Date "2020.04.21"]
[Round "3.41"]
[White "Pakleza, Zbigniew"]
[Black "Adair, James R"]
[Result "0-1"]
[WhiteElo "2500"]
[BlackElo "2450"]
[PlyCount "126"]
[EventDate "2020.04.21"]
[WhiteTeam "Celtic Tigers"]
[BlackTeam "Chessable White Rose 1"]

1. Nf3 d5 2. d4 Nf6 3. Bf4 c5 4. c3 Nc6 5. e3 Qb6 6. Qb3 c4 7. Qc2 Bf5 8. Qc1
e6 9. h3 h6 10. Be2 Be7 11. Nbd2 O-O 12. Bd1 Rfc8 13. Bc2 Qd8 14. O-O b5 15. a3
a5 16. Re1 Bxc2 17. Qxc2 b4 18. e4 bxa3 19. bxa3 a4 20. Ne5 Na5 21. exd5 Nxd5
22. Bg3 Nb3 23. Ra2 Nxd2 24. Qxd2 Rab8 25. Nxf7 Kxf7 26. Bxb8 Rxb8 27. Qe2 Qd7
28. Qxc4 Rc8 29. Qa6 Rc6 30. Qa5 Bd8 31. Qb5 Nxc3 32. Qh5+ Kg8 33. Rd2 Bg5 34.
Rb2 Kh7 35. Qf3 Bf6 36. Qd3+ g6 37. Rb4 e5 38. d5 e4 39. Qg3 Qxd5 40. Rb7+ Bg7
41. Qb8 Qd4 42. Qf8 Rb6 43. Rc7 Rc6 44. Rb7 Rb6 45. Rc7 Rb2 46. Qf7 Re2 47. Rf1
e3 48. fxe3 Rxe3 49. Kh2 Qe5+ 50. Kh1 Ne2 51. Rd1 Ng3+ 52. Kg1 Re1+ 53. Rxe1
Qxe1+ 54. Kh2 Nf1+ 55. Kg1 Ng3+ 56. Kh2 Nf1+ 57. Kg1 Ne3+ 58. Kh2 Nf5 59. Rc6
Qe5+ 60. Kh1 Qe1+ 61. Kh2 Qg3+ 62. Kh1 h5 63. Qc4 Qe1+ 0-1

[Event "4NCL Online Division 1"]
[Site "online"]
[Date "2020.04.21"]
[Round "3.42"]
[White "Emms, John M"]
[Black "Hoffmann, Hendrik"]
[Result "1/2-1/2"]
[WhiteElo "2478"]
[BlackElo "2402"]
[PlyCount "236"]
[EventDate "2020.04.21"]
[WhiteTeam "Chessable White Rose 1"]
[BlackTeam "Celtic Tigers"]

1. Nf3 Nf6 2. c4 c5 3. Nc3 Nc6 4. e3 g6 5. d4 cxd4 6. exd4 d5 7. cxd5 Nxd5 8.
Bc4 Nxc3 9. Qb3 e6 10. bxc3 a6 11. Be2 Qd5 12. c4 Qa5+ 13. Bd2 Bb4 14. Bxb4
Qxb4+ 15. Qxb4 Nxb4 16. Kd2 O-O 17. Rab1 Nc6 18. Rb6 Re8 19. Rc1 Kf8 20. Kc3 e5
21. Nxe5 Nxe5 22. dxe5 Rxe5 23. Bf3 Ra7 24. Rd1 Ke7 25. Rdb1 Ra5 26. Bxb7 Be6
27. R1b2 Rc5 28. Bxa6 Ra5 29. Bb5 Rxa2 30. Rb7+ Kd6 31. Rxa7 Rxa7 32. Kb4 Ra1
33. Rd2+ Kc7 34. Kc5 Rc1 35. h4 h6 36. Ra2 g5 37. hxg5 hxg5 38. g3 Rc3 39. Ra7+
Kd8 40. Ra2 Kc7 41. Ra7+ Kd8 42. Kd6 Rd3+ 43. Ke5 Rd2 44. f4 gxf4 45. gxf4 Re2+
46. Kd4 Rf2 47. Ke4 Rc2 48. Kd3 Rf2 49. c5 Bf5+ 50. Ke3 Rc2 51. c6 Rc5 52. Ba4
Be6 53. Kd4 Rc4+ 54. Ke5 Rc5+ 55. Ke4 Rc4+ 56. Ke3 Rc3+ 57. Kd2 Rc4 58. Bb5 Rc5
59. Ba4 Rc4 60. Ke3 Rc3+ 61. Kd4 Rc4+ 62. Ke5 Rc5+ 63. Kf6 Rf5+ 64. Kg7 Rxf4
65. Bb5 Bc4 66. Ra4 Bxb5 67. Rxf4 Kc7 68. Kxf7 Kxc6 69. Ke6 Kc5 70. Ke5 Bc4 71.
Rf8 Ba6 72. Rf2 Kb4 73. Kd4 Kb3 74. Rf6 Be2 75. Re6 Bf1 76. Rb6+ Kc2 77. Rc6+
Kb3 78. Rc3+ Kb2 79. Rg3 Ba6 80. Kc5 Bc8 81. Kb4 Bf5 82. Rg2+ Ka1 83. Kc3 Bb1
84. Kb3 Bf5 85. Ka3 Bb1 86. Rf2 Bd3 87. Ra2+ Kb1 88. Rd2 Bg6 89. Rg2 Bf5 90.
Kb3 Be6+ 91. Kc3 Bf5 92. Rg1+ Ka2 93. Rf1 Bg6 94. Rf8 Be4 95. Rb8 Bd5 96. Rb5
Bf7 97. Rb2+ Ka1 98. Rb6 Ka2 99. Kc2 Ka1 100. Ra6+ Ba2 101. Rb6 Bf7 102. Rb1+
Ka2 103. Rb7 Bg6+ 104. Kc3 Bf5 105. Ra7+ Kb1 106. Ra6 Be4 107. Ra5 Bg6 108.
Rb5+ Ka1 109. Rg5 Be4 110. Kb3 Bh7 111. Rg7 Bf5 112. Ra7+ Kb1 113. Rb7 Ka1 114.
Rb6 Bh7 115. Rh6 Bf5 116. Rh2 Bg6 117. Ra2+ Kb1 118. Rg2 Bf7+ 1/2-1/2

[Event "4NCL Online Division 1"]
[Site "online"]
[Date "2020.04.21"]
[Round "3.43"]
[White "Maciol, Ryszard"]
[Black "Barrish, Daniel"]
[Result "1/2-1/2"]
[WhiteElo "2215"]
[BlackElo "2306"]
[PlyCount "134"]
[EventDate "2020.04.21"]
[WhiteTeam "Celtic Tigers"]
[BlackTeam "Chessable White Rose 1"]

1. d4 Nf6 2. c4 e5 3. dxe5 Ng4 4. e4 Nxe5 5. f4 Ng6 6. Be3 Nc6 7. Nf3 Bb4+ 8.
Nc3 O-O 9. Bd3 d6 10. O-O Bxc3 11. bxc3 b6 12. Nd4 Na5 13. Nb3 Nb7 14. Qf3 Rb8
15. Rad1 Qe7 16. Rfe1 f6 17. Bf2 Qf7 18. h4 Be6 19. h5 Ne7 20. Qe2 Kh8 21. Nd4
Nc5 22. Nxe6 Nxe6 23. Qg4 Nc6 24. Qf5 Qg8 25. g3 Ne7 26. Qg4 Qf7 27. Kg2 Nc6
28. Rb1 Rbd8 29. h6 g6 30. Bf1 Rfe8 31. Rbd1 Nc5 32. Qf3 Na5 33. Bd4 Kg8 34. e5
dxe5 35. fxe5 fxe5 36. Bxc5 Qxf3+ 37. Kxf3 Rxd1 38. Rxd1 bxc5 39. Rd7 Rf8+ 40.
Kg2 Rf7 41. Rd8+ Rf8 42. Rd5 Nb7 43. Rxe5 Kf7 44. Be2 Rd8 45. Bf3 Kf6 46. Re2
Nd6 47. Bd5 Nf5 48. g4 Nxh6 49. Kg3 Ng8 50. Re6+ Kg7 51. Rc6 Rd7 52. Rxc5 Ne7
53. Bf3 h6 54. Be4 c6 55. Ra5 Kf6 56. Kf4 Rc7 57. Ra6 g5+ 58. Ke3 Ke5 59. Ra5+
Kd6 60. Kd4 Rb7 61. c5+ Ke6 62. Ra6 Rd7+ 63. Kc4 Rc7 64. Kd4 Rd7+ 65. Kc4 Rc7
66. Kd4 Rd7+ 67. Kc4 Rc7 1/2-1/2

[Event "4NCL Online Division 1"]
[Site "online"]
[Date "2020.04.21"]
[Round "3.44"]
[White "Keetman, Maaike"]
[Black "Kolasinski, Krzysztof"]
[Result "1/2-1/2"]
[WhiteElo "2169"]
[BlackElo "2117"]
[PlyCount "95"]
[EventDate "2020.04.21"]
[WhiteTeam "Chessable White Rose 1"]
[BlackTeam "Celtic Tigers"]

1. e4 c5 2. Nf3 Nc6 3. Bb5 Nf6 4. Nc3 g6 5. e5 Ng4 6. Bxc6 dxc6 7. h3 Nh6 8.
O-O Bg7 9. Ne4 b6 10. Re1 O-O 11. d3 Nf5 12. c3 Ba6 13. g4 Nh6 14. d4 cxd4 15.
cxd4 f5 16. exf6 exf6 17. Qb3+ Kh8 18. Bf4 Qd7 19. Rad1 Nf7 20. a4 Rad8 21. a5
Qd5 22. Qxd5 Rxd5 23. axb6 axb6 24. Bc7 h5 25. Bxb6 Rb8 26. Bc5 hxg4 27. hxg4
Bc8 28. Nh2 Rxb2 29. Nxf6 Bxf6 30. Re8+ Kg7 31. Rxc8 Bh4 32. f4 Bg3 33. Nf3
Bxf4 34. Re1 Bd6 35. Bxd6 Rxd6 36. Re7 Rf6 37. Ng5 Rff2 38. Rxf7+ Rxf7 39. Nxf7
Kxf7 40. Rxc6 Rd2 41. Rd6 Ke7 42. Rxg6 Rxd4 43. Kg2 Kf7 44. Rg5 Rd3 45. Rf5+
Kg6 46. Rf3 Rd2+ 47. Kg3 Rd1 48. Ra3 1/2-1/2

[Event "4NCL Online Division 1"]
[Site "online"]
[Date "2020.04.21"]
[Round "3.51"]
[White "Agrest, Evgenij"]
[Black "Graham, David B"]
[Result "1/2-1/2"]
[WhiteElo "2574"]
[BlackElo "2260"]
[PlyCount "86"]
[EventDate "2020.04.21"]
[WhiteTeam "ChessPlus Alpha"]
[BlackTeam "Sussex Auguries"]

1. Nf3 Nf6 2. b3 g6 3. Bb2 Bg7 4. g3 d6 5. Bg2 O-O 6. d4 c6 7. O-O Bg4 8. Nbd2
Nbd7 9. Re1 Re8 10. Nc4 Qc7 11. a4 d5 12. Ne3 Bxf3 13. exf3 e5 14. dxe5 Nxe5
15. f4 Ned7 16. h4 Nh5 17. Bxg7 Nxg7 18. Qd2 Nf6 19. Qd4 Ne4 20. Ng4 Nf5 21.
Qb2 h5 22. Ne5 Nxf2 23. Bxd5 cxd5 24. Kxf2 Qc5+ 25. Kg2 Ne3+ 26. Kf3 d4 27.
Rxe3 dxe3 28. Rd1 Rad8 29. b4 Qe7 30. Rxd8 Rxd8 31. Qb3 Kg7 32. Ke2 f6 33. Nc4
Rd4 34. Nxe3 Qxb4 35. Qe6 Re4 36. Qd5 Qe7 37. Qd3 Rxa4 38. Kf3 f5 39. Kf2 Ra3
40. Qd4+ Qf6 41. Qd7+ Kh6 42. Qe8 Kh7 43. Qd7+ Qg7 1/2-1/2

[Event "4NCL Online Division 1"]
[Site "online"]
[Date "2020.04.21"]
[Round "3.52"]
[White "Miller, Dominic"]
[Black "Jogstad, Martin"]
[Result "0-1"]
[WhiteElo "2252"]
[BlackElo "2311"]
[PlyCount "50"]
[EventDate "2020.04.21"]
[WhiteTeam "Sussex Auguries"]
[BlackTeam "ChessPlus Alpha"]

1. e4 c5 2. Nf3 e6 3. d4 cxd4 4. Nxd4 Nc6 5. Nc3 Qc7 6. Be3 a6 7. Qd2 Nf6 8.
O-O-O Be7 9. f3 b5 10. g4 Nxd4 11. Bxd4 Bb7 12. g5 Nh5 13. Kb1 O-O 14. Bh3 Nf4
15. Bg4 b4 16. Na4 Bc6 17. Nb6 Rab8 18. Nc4 Ng6 19. h4 d5 20. exd5 Bxd5 21. Ne3
Rfd8 22. h5 Nf4 23. g6 hxg6 24. hxg6 Nxg6 25. Rdg1 Bf6 0-1

[Event "4NCL Online Division 1"]
[Site "online"]
[Date "2020.04.21"]
[Round "3.53"]
[White "Mensch, Etienne"]
[Black "Brewer, Callum D"]
[Result "1/2-1/2"]
[WhiteElo "2306"]
[BlackElo "2230"]
[PlyCount "60"]
[EventDate "2020.04.21"]
[WhiteTeam "ChessPlus Alpha"]
[BlackTeam "Sussex Auguries"]

1. d4 Nf6 2. c4 e6 3. Nc3 Bb4 4. a3 Bxc3+ 5. bxc3 c5 6. e3 Nc6 7. Ne2 O-O 8.
Ng3 d6 9. Bd3 b6 10. e4 cxd4 11. cxd4 Nxd4 12. f4 Qc7 13. Be3 Nc6 14. O-O Nd7
15. Rc1 Nc5 16. Bb1 Bd7 17. f5 exf5 18. exf5 f6 19. Qd5+ Kh8 20. Rfd1 Rfe8 21.
Bf4 Ne5 22. Qxd6 Qxd6 23. Rxd6 Ba4 24. h3 Rac8 25. Kh2 Nb3 26. Rc3 Nxc4 27.
Rdd3 Nba5 28. Rd4 Red8 29. Re4 Re8 30. Rd4 Red8 1/2-1/2

[Event "4NCL Online Division 1"]
[Site "online"]
[Date "2020.04.21"]
[Round "3.54"]
[White "Payne, Matthew J"]
[Black "Harakis, Alexis M"]
[Result "1-0"]
[WhiteElo "2177"]
[BlackElo "2266"]
[PlyCount "57"]
[EventDate "2020.04.21"]
[WhiteTeam "Sussex Auguries"]
[BlackTeam "ChessPlus Alpha"]

1. e4 c5 2. Nc3 Nc6 3. Bb5 g6 4. Bxc6 dxc6 5. d3 Bg7 6. f4 Nf6 7. Nf3 O-O 8.
O-O Qc7 9. Qe1 Nh5 10. e5 f6 11. h3 fxe5 12. fxe5 Rxf3 13. Rxf3 Bxe5 14. Bh6
Be6 15. g4 Nf6 16. Qf2 Qd7 17. Re1 Bd4 18. Be3 Bxg4 19. hxg4 Nxg4 20. Qg3 Nxe3
21. Rfxe3 Rf8 22. Kh2 Bxe3 23. Qxe3 Rf7 24. Qxc5 Qg4 25. Re4 Qd7 26. Ne2 Qc7+
27. Qe5 Qc8 28. Qe6 Qc7+ 29. Rf4 1-0

[Event "4NCL Online Division 1"]
[Site "online"]
[Date "2020.04.21"]
[Round "3.61"]
[White "Kanyamarala, Tarun"]
[Black "Zakarian, David"]
[Result "1-0"]
[WhiteElo "2384"]
[BlackElo "2306"]
[PlyCount "51"]
[EventDate "2020.04.21"]
[WhiteTeam "Gonzaga"]
[BlackTeam "Oxford 1"]

1. e4 c5 2. Nf3 Nc6 3. Bb5 g6 4. Bxc6 dxc6 5. d3 Bg7 6. h3 b6 7. O-O e5 8. a4
a5 9. Be3 Ne7 10. Na3 h6 11. Nc4 Qc7 12. b4 axb4 13. a5 bxa5 14. Bxc5 O-O 15.
Bb6 Qb8 16. Bxa5 Be6 17. Nfd2 c5 18. Bb6 Rc8 19. Rxa8 Qxa8 20. Qa1 Qc6 21. Qa7
Qd7 22. Qxd7 Bxd7 23. Ra1 Be8 24. Nb3 Nc6 25. Nd6 Rb8 26. Bc7 1-0

[Event "4NCL Online Division 1"]
[Site "online"]
[Date "2020.04.21"]
[Round "3.62"]
[White "Savage, Ben D M"]
[Black "O'Gorman, Tom"]
[Result "0-1"]
[WhiteElo "2273"]
[BlackElo "2345"]
[PlyCount "168"]
[EventDate "2020.04.21"]
[WhiteTeam "Oxford 1"]
[BlackTeam "Gonzaga"]

1. Nf3 g6 2. c4 c5 3. g3 Nc6 4. Bg2 d6 5. Nc3 Bg7 6. d3 e5 7. Bg5 f6 8. Bd2
Nge7 9. a3 Be6 10. Rb1 a5 11. Qc1 O-O 12. O-O Qd7 13. Ne1 Bh3 14. Nc2 Bxg2 15.
Kxg2 d5 16. cxd5 Nxd5 17. Ne3 Nde7 18. Ne4 b6 19. Re1 Nd4 20. Nc4 f5 21. Nxb6
Qb7 22. Nxa8 fxe4 23. Qc4+ Kh8 24. dxe4 Qxe4+ 25. f3 Qxa8 26. Qxc5 e4 27. Qxe7
exf3+ 28. exf3 Qxf3+ 29. Kh3 Qf5+ 30. Kg2 Qf2+ 31. Kh3 Qxd2 32. Qe3 Qc2 33.
Rec1 Qf5+ 34. Kg2 Qd5+ 35. Kh3 Rf5 36. Rc8+ Bf8 37. Rxf8+ Rxf8 38. Rd1 Qf5+ 39.
Kg2 Qc2+ 40. Rd2 Qc6+ 41. Kh3 Nf3 42. Re2 Qd7+ 43. Kg2 Qd5 44. Qe4 Qxe4 45.
Rxe4 Nd2 46. Re5 Nc4 47. Rc5 Ne3+ 48. Kh3 Rf2 49. Rxa5 Rxb2 50. g4 Nf1 51. Kh4
Rxh2+ 52. Kg5 Rf2 53. Kh6 Rh2+ 54. Kg5 Kg8 55. a4 Ne3 56. Kf4 Nc4 57. Rc5 Nd6
58. Rd5 Rf2+ 59. Ke3 Rf6 60. a5 Nc4+ 61. Kd4 Rf4+ 62. Kd3 Nxa5 63. Rxa5 Rxg4
64. Ke3 Kg7 65. Kf3 Rb4 66. Kg3 h5 67. Ra8 Kh6 68. Ra5 Rb3+ 69. Kg2 h4 70. Rc5
g5 71. Ra5 Kh5 72. Ra4 Rb2+ 73. Kg1 h3 74. Rc4 g4 75. Rc1 Kh4 76. Ra1 Rb4 77.
Rc1 g3 78. Ra1 Kg4 79. Rf1 Rb3 80. Ra1 Kf3 81. Rf1+ Ke2 82. Ra1 Rd3 83. Ra2+
Rd2 84. Ra1 Rd1+ 0-1

[Event "4NCL Online Division 1"]
[Site "online"]
[Date "2020.04.21"]
[Round "3.63"]
[White "Delaney, Killian"]
[Black "Smallbone, Kieran D"]
[Result "1/2-1/2"]
[WhiteElo "2303"]
[BlackElo "2179"]
[PlyCount "106"]
[EventDate "2020.04.21"]
[WhiteTeam "Gonzaga"]
[BlackTeam "Oxford 1"]

1. e4 c6 2. d4 d5 3. exd5 cxd5 4. Bd3 Nc6 5. c3 Qc7 6. Ne2 Bg4 7. O-O e6 8. Qe1
Bxe2 9. Qxe2 Bd6 10. g3 h5 11. Nd2 h4 12. Nf3 hxg3 13. hxg3 O-O-O 14. Kg2 Nf6
15. Bg5 Rh5 16. Rh1 Rdh8 17. Rxh5 Rxh5 18. Rh1 Rxh1 19. Kxh1 a6 20. Kg2 Kd7 21.
b4 Ke7 22. Nh4 Kf8 23. Bxf6 gxf6 24. Qh5 Nd8 25. Qh6+ Ke7 26. Qe3 Kd7 27. a4 f5
28. f4 Nc6 29. Be2 Be7 30. Nf3 Bf6 31. Nd2 a5 32. b5 Ne7 33. Bh5 Ng6 34. Kf3 b6
35. Kg2 Qd6 36. Nb1 Qf8 37. Bf3 Ne7 38. Nd2 Nc8 39. c4 Qb4 40. cxd5 Bxd4 41.
dxe6+ fxe6 42. Qd3 Nd6 43. g4 Qxa4 44. gxf5 exf5 45. Bc6+ Kc7 46. Qe2 Bf6 47.
Qe6 Qxf4 48. Qd7+ Kb8 49. Nf3 Bc3 50. Qd8+ Nc8 51. Qd7 Nd6 52. Qd8+ Nc8 53. Qd7
Nd6 1/2-1/2

[Event "4NCL Online Division 1"]
[Site "online"]
[Date "2020.04.21"]
[Round "3.64"]
[White "Nataraj, Nakul"]
[Black "Thorarinsson, Pall A"]
[Result "1/2-1/2"]
[WhiteElo "2095"]
[BlackElo "2175"]
[PlyCount "136"]
[EventDate "2020.04.21"]
[WhiteTeam "Oxford 1"]
[BlackTeam "Gonzaga"]

1. e4 d6 2. d4 Nf6 3. Nc3 g6 4. Nf3 Bg7 5. Be2 O-O 6. O-O c5 7. h3 cxd4 8. Nxd4
Nc6 9. Be3 Bd7 10. Qd2 Nxd4 11. Bxd4 Bc6 12. Bf3 Nd7 13. Bxg7 Kxg7 14. Qd4+ Kg8
15. Rad1 Qb6 16. Nd5 Bxd5 17. exd5 Rfc8 18. c4 Qxd4 19. Rxd4 Rc7 20. Re1 Kf8
21. Rh4 Nf6 22. b3 a5 23. a4 Ra6 24. Bd1 Rb6 25. Re3 Rb4 26. Rd4 Nd7 27. Rh4
Nf6 28. Rd4 Rc5 29. Kf1 b5 30. axb5 Rcxb5 31. g4 h6 32. h4 g5 33. hxg5 hxg5 34.
Rh3 Kg7 35. Ke1 Rb8 36. f4 gxf4 37. g5 Nd7 38. Rxf4 Ne5 39. Rfh4 Rg8 40. Kd2
Kf8 41. Rh8 Rxh8 42. Rxh8+ Kg7 43. Ra8 Kg6 44. Rg8+ Kf5 45. Bc2+ Kf4 46. Rg7
Nf3+ 47. Kc3 Nxg5 48. Rg8 f5 49. Kd4 e5+ 50. dxe6 Nxe6+ 51. Kd5 Nc5 52. Rf8
Nxb3 53. Rxf5+ Ke3 54. Bxb3 Rxb3 55. Kxd6 a4 56. Ra5 a3 57. c5 Rd3+ 58. Kc7 Kd2
59. c6 Kc2 60. Kb7 Rb3+ 61. Ka7 Kb2 62. c7 Rc3 63. Rb5+ Kc2 64. Kb7 a2 65. Ra5
Kb2 66. c8=Q Rxc8 67. Kxc8 a1=Q 68. Rxa1 Kxa1 1/2-1/2

[Event "4NCL Online Division 1"]
[Site "online"]
[Date "2020.04.21"]
[Round "3.71"]
[White "Kanyamarala, Trisha"]
[Black "Olson, Hamish"]
[Result "1-0"]
[WhiteElo "2201"]
[BlackElo "2246"]
[PlyCount "85"]
[EventDate "2020.04.21"]
[WhiteTeam "Gonzaga B Sharps"]
[BlackTeam "Bon Accord A"]

1. d4 d6 2. e4 Nf6 3. Nc3 e5 4. Nf3 exd4 5. Nxd4 Be7 6. g3 O-O 7. Bg2 Re8 8.
O-O Nbd7 9. h3 Bf8 10. g4 Nc5 11. Re1 a5 12. a4 d5 13. exd5 Rxe1+ 14. Qxe1 c6
15. Bg5 h6 16. Bh4 cxd5 17. Rd1 Ra6 18. b3 g5 19. Bg3 Bg7 20. Ndb5 Re6 21. Qf1
Nce4 22. Bxe4 Nxe4 23. Rxd5 Qe7 24. Nxe4 Rxe4 25. Qd3 Re1+ 26. Kh2 Be6 27. Rd8+
Bf8 28. Nc7 Qf6 29. Qd6 Qg7 30. Ne8 Kh7 31. Qd3+ Qg6 32. Nf6+ Kg7 33. Nh5+ Kh7
34. Rxf8 Qxd3 35. cxd3 Bd5 36. f3 Re2+ 37. Kg1 Bxb3 38. d4 f6 39. Rxf6 b5 40.
axb5 a4 41. Ra6 Kg8 42. Ra7 Bd1 43. Nf6+ 1-0

[Event "4NCL Online Division 1"]
[Site "online"]
[Date "2020.04.21"]
[Round "3.72"]
[White "Gray, Euan"]
[Black "Moran, Stephen"]
[Result "1/2-1/2"]
[WhiteElo "2098"]
[BlackElo "2195"]
[PlyCount "115"]
[EventDate "2020.04.21"]
[WhiteTeam "Bon Accord A"]
[BlackTeam "Gonzaga B Sharps"]

1. d4 Nf6 2. c4 c5 3. d5 b5 4. cxb5 a6 5. bxa6 g6 6. Nc3 Bg7 7. Nf3 O-O 8. a7
Rxa7 9. e4 e6 10. Be2 exd5 11. exd5 d6 12. O-O Na6 13. Bf4 Nc7 14. Bc4 Ba6 15.
Nd2 Re8 16. Bxa6 Rxa6 17. Nc4 Ne4 18. Qd3 Nxc3 19. bxc3 Qf6 20. Bg3 Qxc3 21.
Qxc3 Bxc3 22. Nxd6 Rd8 23. Rac1 Nxd5 24. Rfd1 Bd4 25. Nb7 Rda8 26. Nxc5 Bxc5
27. Rxc5 Nb4 28. Rdc1 Nxa2 29. Rc8+ Rxc8 30. Rxc8+ Kg7 31. Be5+ f6 32. Rc7+ Kh6
33. Bf4+ g5 34. Be3 Nb4 35. Bd2 Rd6 36. Be1 Nd5 37. Rc1 Nf4 38. Kf1 Kg6 39. g3
Ne6 40. Bc3 g4 41. Ke2 Ng5 42. Rh1 Re6+ 43. Kd3 h5 44. Bd2 Rd6+ 45. Ke2 Ne4 46.
Be3 Nc3+ 47. Kf1 Rd1+ 48. Kg2 Rxh1 49. Kxh1 Kf5 50. Kg2 Ke4 51. h3 Nd1 52. Ba7
gxh3+ 53. Kxh3 Kf3 54. Kh4 Nxf2 55. Bxf2 Kxf2 56. Kxh5 Kxg3 57. Kg6 Kf3 58.
Kxf6 1/2-1/2

[Event "4NCL Online Division 1"]
[Site "online"]
[Date "2020.04.21"]
[Round "3.73"]
[White "Miller, Ioana"]
[Black "Schwartz, Julius"]
[Result "1-0"]
[WhiteElo "2185"]
[BlackElo "2090"]
[PlyCount "69"]
[EventDate "2020.04.21"]
[WhiteTeam "Gonzaga B Sharps"]
[BlackTeam "Bon Accord A"]

1. e4 c5 2. Nf3 e6 3. d4 cxd4 4. Nxd4 a6 5. Nc3 Qc7 6. Bd3 Nf6 7. O-O Nc6 8.
Nb3 b5 9. f4 d6 10. Kh1 h5 11. Qe2 Ng4 12. Bd2 Bb7 13. Rae1 Be7 14. Nd1 g5 15.
fxg5 Nce5 16. Nf2 O-O-O 17. Ba5 Qc6 18. Bxd8 Bxd8 19. g6 fxg6 20. Nd4 Qd7 21.
a4 Bb6 22. c3 Nxf2+ 23. Rxf2 Nxd3 24. Qxd3 e5 25. axb5 axb5 26. Ref1 exd4 27.
cxd4 Re8 28. Rf7 Qc6 29. d5 Qc5 30. Qh3+ Kb8 31. Rxb7+ Kxb7 32. Qd7+ Bc7 33.
Qxe8 Qc4 34. Qc6+ Qxc6 35. dxc6+ 1-0

[Event "4NCL Online Division 1"]
[Site "online"]
[Date "2020.04.21"]
[Round "3.74"]
[White "Koroglou, Viktor"]
[Black "Jackson, Carl"]
[Result "0-1"]
[WhiteElo "2028"]
[BlackElo "2021"]
[PlyCount "72"]
[EventDate "2020.04.21"]
[WhiteTeam "Bon Accord A"]
[BlackTeam "Gonzaga B Sharps"]

1. e4 c5 2. Nf3 Nc6 3. Bb5 g5 4. Nxg5 Nf6 5. Nc3 Rg8 6. d3 h6 7. Nh3 Rxg2 8.
Nf4 Rg8 9. Be3 b6 10. Qe2 Nd4 11. Bxd4 cxd4 12. Nb1 e5 13. Nd5 Nxd5 14. exd5
Qf6 15. Nd2 Bb4 16. O-O-O Bb7 17. Rhe1 Bxd2+ 18. Rxd2 Rg5 19. f4 Qxf4 20. Rf1
Qe3 21. Qxe3 dxe3 22. Re2 Bxd5 23. Rxe3 Be6 24. h4 Rh5 25. Re4 a6 26. Ba4 b5
27. Bb3 Bxb3 28. axb3 d6 29. Rg4 Ke7 30. Kd2 Rf8 31. Ra1 f5 32. Rb4 f4 33. Rxa6
Rxh4 34. Rxb5 Rh2+ 35. Ke1 f3 36. Rb7+ Ke6 0-1

[Event "4NCL Online Division 1"]
[Site "online"]
[Date "2020.04.21"]
[Round "3.81"]
[White "Nikolovski, Nikola"]
[Black "Gormally, Daniel W"]
[Result "0-1"]
[WhiteElo "2454"]
[BlackElo "2575"]
[PlyCount "92"]
[EventDate "2020.04.21"]
[WhiteTeam "Grischuk Grizzlies"]
[BlackTeam "Blackthorne Russia"]

1. e4 g6 2. d4 Nf6 3. Nc3 d5 4. e5 Ne4 5. Nce2 f6 6. f3 Ng5 7. Bxg5 fxg5 8. Qd2
e6 9. Nh3 Be7 10. f4 gxf4 11. Nexf4 c5 12. Bb5+ Nc6 13. dxc5 Bxc5 14. Nd3 Qh4+
15. Nhf2 Bb6 16. O-O-O O-O 17. g3 Qh5 18. Bxc6 bxc6 19. Rde1 Rf3 20. h3 Ba6 21.
Nf4 Qg5 22. Ng4 Rxg3 23. Nxe6 Qxd2+ 24. Kxd2 h5 25. Nh6+ Kh7 26. Nf7 Re8 27.
Neg5+ Kg7 28. h4 Ba5+ 29. c3 d4 30. Nd6 dxc3+ 31. bxc3 Rd3+ 32. Kc2 Rxc3+ 33.
Kb2 Rb8+ 34. Ka1 Rc2 35. Re3 Bd2 36. Ne6+ Kh8 37. Rf3 Bc3+ 38. Rxc3 Rxc3 39.
Re1 Bc4 40. Nd4 Bd5 41. e6 Ra3 42. Re2 Rd3 43. Nb3 Bxb3 44. e7 Rxd6 45. e8=Q+
Rxe8 46. Rxe8+ Bg8 0-1

[Event "4NCL Online Division 1"]
[Site "online"]
[Date "2020.04.21"]
[Round "3.82"]
[White "Bates, Richard A"]
[Black "De Vleeschauwer, Maarten"]
[Result "1-0"]
[WhiteElo "2440"]
[BlackElo "2175"]
[PlyCount "47"]
[EventDate "2020.04.21"]
[WhiteTeam "Blackthorne Russia"]
[BlackTeam "Grischuk Grizzlies"]

1. d4 d5 2. c4 c6 3. Nf3 Nf6 4. e3 e6 5. Bd3 Nbd7 6. O-O dxc4 7. Bxc4 b5 8. Bd3
Bb7 9. e4 a6 10. a4 b4 11. Nbd2 c5 12. e5 Nd5 13. Nc4 Qc7 14. Ng5 cxd4 15. Qf3
N7b6 16. Nd6+ Bxd6 17. exd6 Qd7 18. Re1 Nf6 19. Qh3 Bd5 20. Bf4 Nc8 21. Rac1
Nxd6 22. Rc5 Rc8 23. Bxd6 Rxc5 24. Bxc5 1-0

[Event "4NCL Online Division 1"]
[Site "online"]
[Date "2020.04.21"]
[Round "3.83"]
[White "Terryn, Ezra"]
[Black "Duncan, Chris R"]
[Result "0-1"]
[WhiteElo "2184"]
[BlackElo "2297"]
[PlyCount "116"]
[EventDate "2020.04.21"]
[WhiteTeam "Grischuk Grizzlies"]
[BlackTeam "Blackthorne Russia"]

1. e4 c5 2. d4 cxd4 3. c3 dxc3 4. Nxc3 e6 5. Nf3 a6 6. Bc4 b5 7. Bb3 Bb7 8. O-O
Bc5 9. Bf4 Ne7 10. Rc1 Qb6 11. Ne5 O-O 12. Nxd7 Nxd7 13. Qxd7 Rac8 14. Qd3 Rfd8
15. Qe2 Ng6 16. Bg3 Bd4 17. Rfd1 Be5 18. Rxd8+ Rxd8 19. Rd1 h6 20. Rxd8+ Qxd8
21. f3 b4 22. Na4 Nf4 23. Qd1 Qc7 24. Bf2 Bc6 25. Nc5 Bb5 26. Ba4 Bxb2 27. Bxb5
axb5 28. Qd7 Qxd7 29. Nxd7 Ne2+ 30. Kf1 Nc1 31. Nc5 Bc3 32. Nb3 Nxa2 33. Ke2
Be5 34. g3 Kf8 35. f4 Bd6 36. Bd4 g5 37. e5 Be7 38. Kd2 Kg7 39. Kc2 Kg6 40. Na5
gxf4 41. gxf4 Kf5 42. Nc6 Bf8 43. Nd8 Kxf4 44. Nxf7 Nc3 45. Bxc3 bxc3 46. Kxc3
h5 47. Kd4 h4 48. Nd8 Kf5 49. h3 Bg7 50. Nc6 Kf4 51. Kc5 Bxe5 52. Kxb5 Bd6 53.
Kc4 Kg3 54. Nd4 Kxh3 55. Nxe6 Kg2 56. Kd5 h3 57. Kxd6 h2 58. Nf4+ Kf3 0-1

[Event "4NCL Online Division 1"]
[Site "online"]
[Date "2020.04.21"]
[Round "3.84"]
[White "Eames, Robert S"]
[Black "Wuytens, Robin"]
[Result "0-1"]
[WhiteElo "2245"]
[BlackElo "1899"]
[PlyCount "78"]
[EventDate "2020.04.21"]
[WhiteTeam "Blackthorne Russia"]
[BlackTeam "Grischuk Grizzlies"]

1. e4 c5 2. d4 cxd4 3. c3 g6 4. cxd4 d5 5. e5 Bg7 6. Nc3 Nc6 7. h3 Nh6 8. Nf3
O-O 9. Bb5 f6 10. exf6 Rxf6 11. O-O Nf5 12. Bg5 Rf8 13. Bxc6 bxc6 14. Re1 h6
15. Bf4 Nd6 16. Be5 Bf5 17. Bxg7 Kxg7 18. Ne5 e6 19. g4 Be4 20. f3 Qh4 21. Kg2
Nf7 22. Nxf7 Rxf7 23. Nxe4 dxe4 24. Rxe4 Raf8 25. Re3 h5 26. Qd3 hxg4 27. hxg4
Rh8 28. Rg1 Qh2+ 29. Kf1 Rh3 30. Qe4 Qxb2 31. Rg2 Rh1+ 32. Rg1 Rh2 33. Re2 Qc1+
34. Re1 Qc4+ 35. Re2 Rxe2 36. Qxe2 Rxf3+ 37. Ke1 Qc1+ 38. Qd1 Qe3+ 39. Qe2
Qxg1+ 0-1

[Event "4NCL Online Division 1"]
[Site "online"]
[Date "2020.04.21"]
[Round "3.91"]
[White "Suarez Real, Alberto"]
[Black "Sreeves, Clement"]
[Result "1/2-1/2"]
[WhiteElo "2448"]
[BlackElo "2352"]
[PlyCount "79"]
[EventDate "2020.04.21"]
[WhiteTeam "Guildford Young Guns"]
[BlackTeam "Alba"]

1. e4 e5 2. Nf3 Nc6 3. d4 exd4 4. Nxd4 Nf6 5. Nxc6 bxc6 6. e5 Qe7 7. Qe2 Nd5 8.
h4 d6 9. c4 Nb6 10. exd6 cxd6 11. Be3 Be6 12. Qc2 Qb7 13. Be2 d5 14. Nd2 dxc4
15. O-O Be7 16. Nxc4 Nxc4 17. Bxc4 Bxc4 18. Qxc4 O-O 19. b3 a5 20. Rac1 a4 21.
Qxc6 Qxc6 22. Rxc6 axb3 23. axb3 Rfb8 24. Rb1 Bxh4 25. b4 Rb5 26. Rc5 Rab8 27.
Rxb5 Rxb5 28. Kf1 Be7 29. Bd2 Kf8 30. Ke2 Ke8 31. Kd3 Rd5+ 32. Kc2 Kd7 33. Ra1
Rf5 34. Ra7+ Ke6 35. f3 Rd5 36. Ra6+ Kd7 37. Ra7+ Ke6 38. Ra6+ Kd7 39. Ra7+ Ke6
40. Ra6+ 1/2-1/2